000 00256nam a2200109Ia 4500
008 200302s9999 xx 000 0 und d
100 _aJohn R. Dunmire & Other
245 _aOrchids
260 _bSunset Books Menlo Park
260 _c1999
300 _a112 P.,
999 _c1464
_d1464